Loading...
| Current Events | 2 | 15.00 | 100% | 50% | 0% |
| Fine Arts - Classical Music | 5 | 16.00 | 100% | 40% | 20% |
| Fine Arts - Other | 8 | 18.75 | 100% | 50% | 38% |
| Fine Arts - Painting and Sculpture | 3 | 13.33 | 100% | 33% | 0% |
| Geography | 1 | 20.00 | 100% | 100% | 0% |
| History - American | 6 | 16.67 | 100% | 50% | 17% |
| History - European | 4 | 17.50 | 100% | 75% | 0% |
| History - Other | 5 | 20.00 | 100% | 100% | 0% |
| History - World | 6 | 10.00 | 67% | 33% | 0% |
| Literature - American | 6 | 15.00 | 100% | 17% | 33% |
| Literature - British | 5 | 12.00 | 100% | 20% | 0% |
| Literature - European | 5 | 14.00 | 100% | 40% | 0% |
| Literature - World | 7 | 10.00 | 71% | 14% | 14% |
| Mythology | 6 | 15.00 | 83% | 33% | 33% |
| Other Academic | 2 | 25.00 | 100% | 50% | 100% |
| Philosophy | 5 | 14.00 | 80% | 60% | 0% |
| Pop Culture | 1 | 30.00 | 100% | 100% | 100% |
| Religion | 5 | 12.00 | 100% | 20% | 0% |
| Science - Biology | 5 | 14.00 | 100% | 20% | 20% |
| Science - Chemistry | 8 | 11.25 | 100% | 13% | 0% |
| Science - Other | 4 | 12.50 | 100% | 25% | 0% |
| Science - Physics | 6 | 20.00 | 100% | 100% | 0% |
| Social Science | 5 | 10.00 | 100% | 0% | 0% |